000 004440000a22001690004500
003 MACL
005 20160110172515.0
008 160110b xxu||||| |||| 00| 0 eng d
040 _aMACL
_cMACL
041 _aEnglish
082 _a923.2/PAN
100 _aPanjabi, Kewal L.
_931117
245 _aRajendra Prasad
_bFirst President of India
260 _bMachmillan & co
_c1960
_aMadras
650 _aBiography
_931118
942 _cBK
_k923.2/Pan
_2ddc
999 _c35733
_d35733